Racing Game Speedometers - Statistics

General Stats
  • This quiz has been taken 25 times
  • The average score is 12 of 50
Answer Stats
Picture Answer % Correct
BeamNG.drive
74%
Forza Horizon 4
74%
Gran Turismo 4
74%
F1 2021
63%
Forza Motorsport 3
58%
Assetto Corsa
53%
Dirt Rally 2.0
47%
GRID Autosport
47%
EA Sports WRC
42%
Need for Speed Underground 2
42%
Project Cars 2
37%
Richard Burns Rally
37%
Dirt 5
32%
Le Mans Ultimate
32%
Real Racing 3
32%
Midnight Club LA
26%
Test Drive Unlimited
26%
The Crew
26%
TOCA Race Driver 2
26%
Trackmania
26%
Burnout Revenge
21%
Driver San Francisco
21%
Juiced
21%
Moto GP 23
21%
Ridge Racer
21%
SEGA Rally Championship
21%
Wreckfest
21%
Dakar Desert Rally
16%
Rennsport
16%
Star Wars Episode I Racer
16%
Asphalt 9 Legends
11%
Baja Edge of Control
11%
Cars
11%
Driveclub
11%
FlatOut 2
11%
NASCAR 21 Ignition
11%
Project Gotham Racing 3
11%
V-Rally 4
11%
Ayrton Senna's Super Monaco GP II
5%
Carmageddon
5%
Ford Racing 2
5%
Monster Jam Showdown
5%
Race 07
5%
Re-Volt
5%
Sebastian Loeb Rally Evo
5%
Stuntman
5%
Wipeout 2097
5%
CarX Drift Racing
0%
MX vs ATV Legends
0%
Wangan Midnight
0%
No matching quizzes found
Score Distribution
Percent of People with Each Score
Percentile by Number Answered
Your Score History
You have not taken this quiz